书目信息 |
| 题名: |
古文字诠释中华民族起源
|
|
| 作者: | 贾世泽 编著 | |
| 分册: | ||
| 出版信息: | 北京 中国文史出版社 2017 |
|
| 页数: | 299页 | |
| 开本: | 25cm | |
| 丛书名: | ||
| 单 册: | ||
| 中图分类: | K28 | |
| 科图分类: | ||
| 主题词: | 中华民族--起源--研究 | |
| 电子资源: | ||
| ISBN: | 978-7-5034-6545-1 | |
| 000 | 00832nam0 2200229 450 | |
| 001 | 3819 | |
| 005 | 20180527194800.13 | |
| 010 | @a978-7-5034-6545-1@dCNY49.00 | |
| 100 | @a20170427d2017 em y0chiy50 ea | |
| 101 | 0 | @achi |
| 102 | @aCN@b110000 | |
| 105 | @ay z 001yy | |
| 200 | 1 | @a古文字诠释中华民族起源@9gu wen zi quan shi zhong hua min zu qi yuan@f贾世泽编著 |
| 210 | @a北京@c中国文史出版社@d2017 | |
| 215 | @a299页@d25cm | |
| 314 | @a贾世泽,中华前史、甲骨文学者。曾出版《古诗文精读大全》一书。 | |
| 330 | @a本书在介绍上古社会历史的过程中,运用了大量古文字源流分析,来佐证历史人物或事件的真实性。来诠释“中华民族”形成,“中华民族”的兴起,“中华民族”的发源。 | |
| 606 | 0 | @a中华民族@x起源@x研究 |
| 690 | @aK28@v5 | |
| 701 | 0 | @a贾世泽@9jia shi ze@4编著 |
| 801 | 0 | @aCN@b91MARC@c20170427 |
| 905 | @aMuseLib@dK28@e109 | |
| 古文字诠释中华民族起源/贾世泽编著.-北京:中国文史出版社,2017 |
| 299页;25cm |
| ISBN 978-7-5034-6545-1:CNY49.00 |
| 本书在介绍上古社会历史的过程中,运用了大量古文字源流分析,来佐证历史人物或事件的真实性。来诠释“中华民族”形成,“中华民族”的兴起,“中华民族”的发源。 |
| ● |
| 相关链接 |
|
|
|
|
正题名:古文字诠释中华民族起源
索取号:K28/109
 
预约/预借
| 序号 | 登录号 | 条形码 | 馆藏地/架位号 | 状态 | 备注 |
| 1 | 1110734 | 211107345 | 第二样本阅览室/ [索取号:K28/109] | 在馆 | |
| 2 | 1110735 | 211107354 | 教育系资料室/ [索取号:K28/109] | 在馆 | |
| 3 | 1110736 | 211107363 | 教育系资料室/ [索取号:K28/109] | 在馆 | |
| 4 | 1110737 | 211107372 | 第二借阅区/ [索取号:K28/109] | 在馆 |